Complete the band names - Statistics

General Stats
  • This quiz has been taken 54 times
  • The average score is 9 of 19
Answer Stats
Hint Answer % Correct
____head Motor/machine/mushroom/radio/compressor
98%
Rage Against The _____ Machine
96%
System of a _____ Down
94%
Limp _____ Bizkit
89%
Blue _____ Cult Oyster
85%
Bullet For My _______ Valentine
78%
______ Kennedys Dead
70%
As I Lay ____ Dying
69%
Cannibal ______ Corpse
63%
P.O.D - Payable On ______ Death
39%
Attack _____ ! Attack
30%
We Butter The Bread With _______ Butter
24%
Rings Of ______ Saturn
20%
Skinny _____ Puppy
17%
KMFDM - ____ Mehrheit Für Die Mitleid Kein
13%
Xa_legbmaofffassssitimiwoamndutroabcwapwaeiippohfffX Acidic _____ Liquid Explosion Vaginal
11%
Maximum The ______ Hormone
7%
Sleepytime ________ Museum Gorilla
6%
Demolition _______ Hammer
6%
No matching quizzes found
Score Distribution
Percent of People with Each Score
Percentile by Number Answered
Your Score History
You have not taken this quiz